P-MODEL 歴代全メンバー - Statistics

General Stats
  • This quiz has been taken 16 times
  • The average score is 10 of 15
Answer Stats
パート
在籍期間
Answer % Correct
ボーカル、ギター、シンセサイザー1979.1~ 平沢進
100%
キーボード、シンセサイザー、プログラミング1987.11~1988.12,1991.9~1993.10 ことぶき光
85%
キーボード、シンセサイザー、System-11994.11~2000.12 福間創
85%
ドラムス1979.1~1984.12,1987.3~1988.12 田井中貞利
77%
ベース、キーボード、シンセサイザー1979.1~1980.11,1991.9~1993.10 秋山勝彦
69%
キーボード、シンセサイザー1979.1~1983.3 田中靖美
69%
ベース、キーボード、シンセサイザー
1986.1~1988.12
中野照夫
69%
ドラムス、シーケンサー、プログラミング1991.9~1993.10 藤井ヤスチカ
69%
キーボード、System-2、ベース1994.11~2000.12 小西健司
62%
ドラムス、Algorhythm1994.11~1997.5 上領亘
62%
ベース、バイオリン1984.8~1985.12 横川理彦
54%
ベース1980.11~1984.8 菊池達也
46%
キーボード(ギター)1983.3~1985.12 三浦俊一
46%
ドラムス、パーカッション 1984.12~1987.3 荒木康弘
46%
キーボード、Systems1986.1~1987.9 高橋芳一
46%
No matching quizzes found
Score Distribution
Percent of People with Each Score
Percentile by Number Answered
Your Score History
You have not taken this quiz